| 000 | 00710nam a2200193 a 4500 | ||
|---|---|---|---|
| 003 | 0 | ||
| 005 | 20250221123732.0 | ||
| 008 | 110617s19uu xx 00 eng d | ||
| 050 |
_aPHS LC 212.8 _b.Sh6 2011 |
||
| 100 | _aShin, In Mo. | ||
| 245 |
_aPerception about homosexuality and same sex marriage of high school IV students / _cShin In Mo. |
||
| 260 |
_aLas PiƱas City, Philippines : _bSouthville International School and Colleges, _c2011. |
||
| 300 |
_a36 pages : _billustrations ; _c28 cm. |
||
| 504 | _aIncludes bibliographical references. | ||
| 650 |
_aHomosexuality _xSocial aspects. |
||
| 650 |
_aSame-sex marriage _xPublic opinion. |
||
| 650 |
_aHigh school students _xAttitudes. |
||
| 942 |
_2lcc _cPASS |
||
| 999 |
_c98512 _d98512 |
||